| 000 | 00461nam a2200157Ia 4500 | ||
|---|---|---|---|
| 008 | 210716s2009 xx 000 0 und d | ||
| 020 | _a9780070146792 | ||
| 041 | _aeng | ||
| 082 | _a658.575 ULRK | ||
| 100 | _aUlrich, Karl T;Eppinger, Steven D;Goyal, Anita. | ||
| 245 | _aProduct design and development. | ||
| 250 | _a1 | ||
| 260 |
_aNew Delhi _bTata McGraw Hill Publishing Company Ltd _c2009 |
||
| 300 | _axxiii,289/1995 | ||
| 650 | _aProduction Management | ||
| 999 |
_c198761 _d198761 |
||